000 00762nam a22002177a 4500
999 _c7479
_d7479
003 OSt
005 20211115115816.0
008 211115b ||||| |||| 00| 0 eng d
020 _a9781506336244
040 _cDDC
082 _a001.42 MAC 2016
100 _aMachi, Lawrence A.
_915326
245 _aThe literature review :
_b six steps to success
250 _aThird edition.
260 _a California :
_bCorwin, a SAGE Company;
_c2016
300 _axix, 166 pages :
_b illustrations ;
_c 26 cm.
504 _aIncludes bibliographical references and index
650 _aResearch -- Methodology -- Study and teaching (Secondary) -- Handbooks, manuals, etc
_915327
650 _aResearch -- Methodology -- Handbooks, manuals, etc.
_915328
942 _2ddc
_cBOOK